Rāmacaritamānasa aura Sāketa. (Record no. 82930)

MARC details
000 -LEADER
fixed length control field 00668cam a22002411 4500
001 - CONTROL NUMBER
control field sa 68009481
003 - CONTROL NUMBER IDENTIFIER
control field DLC
005 - DATE AND TIME OF LATEST TRANSACTION
control field 20260227112543.0
008 - FIXED-LENGTH DATA ELEMENTS--GENERAL INFORMATION
fixed length control field 890823s1968 ii b 000 0 hino
010 ## - LIBRARY OF CONGRESS CONTROL NUMBER
LC control number sa 68009481
035 ## - SYSTEM CONTROL NUMBER
System control number (OCoLC)20236624
040 ## - CATALOGING SOURCE
Original cataloging agency DLC
Transcribing agency WaU
Modifying agency DLC
042 ## - AUTHENTICATION CODE
Authentication code premarc
050 00 - LIBRARY OF CONGRESS CALL NUMBER
Classification number PK2095.T8
Item number R332
100 1# - MAIN ENTRY--PERSONAL NAME
Personal name Gupta, Paramalāla,
Dates associated with a name 1933-
245 10 - TITLE STATEMENT
Title Rāmacaritamānasa aura Sāketa.
260 ## - PUBLICATION, DISTRIBUTION, ETC.
Date of publication, distribution, etc. [1968]
300 ## - PHYSICAL DESCRIPTION
Extent 2, 205 p.
Dimensions 23 cm.
500 ## - GENERAL NOTE
General note In Hindi.
504 ## - BIBLIOGRAPHY, ETC. NOTE
Bibliography, etc. note Bibliographical footnotes.
600 00 - SUBJECT ADDED ENTRY--PERSONAL NAME
Personal name Tulasīdāsa,
Dates associated with a name 1532-1623.
Title of a work Rāmacaritamānasa.
600 10 - SUBJECT ADDED ENTRY--PERSONAL NAME
Personal name Gupta, Maithili Sarana,
Dates associated with a name 1886-1964.
Title of a work Sāketa.

No items available.

Powered by Koha